书目信息 |
| 题名: |
大狗巴克
|
|
| 作者: | 伦敦 著 ;胡春兰 , 窦玉靖 译文 | |
| 分册: | ||
| 出版信息: | 北京 中国和平出版社 2005 |
|
| 页数: | 208页 | |
| 开本: | 21cm | |
| 丛书名: | 人与自然的交响乐章 | |
| 单 册: | ||
| 中图分类: | I712.45 , H319.4 | |
| 科图分类: | ||
| 主题词: | 中篇小说--美国--现代 , 英语 | |
| 电子资源: | ||
| ISBN: | 7-80201-144-2 | |
| 000 | 01318nam0 2200313 450 | |
| 001 | TS2006026996 | |
| 005 | 20070822163819.92 | |
| 010 | @a7-80201-144-2@dCNY18.00 (共10册 180.00) | |
| 100 | @a20060829d2005 ekmy0chiy0120 ea | |
| 101 | 0 | @achi@aeng |
| 102 | @aCN@b110000 | |
| 105 | @aa z 000ay | |
| 200 | 1 | @a大狗巴克@ADa Gou Ba Ke@e中英文双语阅读@EZhong Ying Wen Shuang Yu Yue Du@f(美)杰克·伦敦著@F( Mei ) Jie Ke· Lun Dun Zhu@g胡春兰译文@g窦玉靖绘图 |
| 210 | @a北京@c中国和平出版社@d2005 | |
| 215 | @a208页@c图@d21cm | |
| 225 | 2 | @a人与自然的交响乐章 |
| 300 | @a彩绘名著 | |
| 300 | @a世界文学史上最著名的动物小说 | |
| 330 | @a大狗巴克原来在加利福尼亚的富家大院里过着养尊处优的日子,淘金潮兴起时,巴克被人盗卖到北方,投入蛮荒之地,被迫在弱肉强食的环境中为生存而拼杀,巴克身上原始的野性在慢慢回归。在受尽折磨、奄奄一息之时,巴克被约翰.桑顿搭救,从此巴克感受到爱的温暖,并知恩图报。但是,在约翰.桑顿遇害后,巴克最终切断了与人类社会的纽带,听从荒野的呼唤,遁入森林。 | |
| 410 | 0 | @12001 @a人与自然的交响乐章 |
| 606 | 0 | @a中篇小说@y美国@z现代 |
| 606 | 0 | @a英语 |
| 690 | @aI712.45@v4 | |
| 690 | @aH319.4@v3 | |
| 701 | 1 | @a伦敦@ALun Dun@b 杰克@4著 |
| 702 | 0 | @a胡春兰@AHu Chun Lan@4译文 |
| 702 | 0 | @a窦玉靖@ADou Yu Jing@4绘图 |
| 801 | 0 | @aCN@b中图数据@c20070822 |
| 905 | @a10447@dH319.4@e1520 | |
| 大狗巴克:中英文双语阅读/(美)杰克·伦敦著/胡春兰译文/窦玉靖绘图.-北京:中国和平出版社,2005 |
| 208页:图;21cm.-(人与自然的交响乐章) |
| 彩绘名著.-世界文学史上最著名的动物小说 |
| ISBN 7-80201-144-2:CNY18.00 (共10册 180.00) |
| 大狗巴克原来在加利福尼亚的富家大院里过着养尊处优的日子,淘金潮兴起时,巴克被人盗卖到北方,投入蛮荒之地,被迫在弱肉强食的环境中为生存而拼杀,巴克身上原始的野性在慢慢回归。在受尽折磨、奄奄一息之时,巴克被约翰.桑顿搭救,从此巴克感受到爱的温暖,并知恩图报。但是,在约翰.桑顿遇害后,巴克最终切断了与人类社会的纽带,听从荒野的呼唤,遁入森林。 |
| ● |
| 相关链接 |
|
|
|
|
正题名:大狗巴克
索取号:H319.4/1520
 
预约/预借
| 序号 | 登录号 | 条形码 | 馆藏地/架位号 | 状态 | 备注 |
| 1 | 0608900 | 206089007 | 第二样本阅览室/ [索取号:H319.4/1520] | 在馆 | |
| 2 | 0608901 | 206089016 | 第四借阅区/ [索取号:H319.4/1520] | 在馆 | |
| 3 | 0608902 | 206089025 | 第四借阅区/ [索取号:H319.4/1520] | 在馆 | |
| 4 | 0608903 | 206089034 | 第四借阅区/ [索取号:H319.4/1520] | 在馆 | |
| 5 | 0608904 | 206089043 | 第四借阅区/ [索取号:H319.4/1520] | 在馆 |